000 00598nam a2200265Ia 4500
008 210210b2012 xxu||||| |||| 00| 0 eng d
020 _a9780321709783
041 _aeng
082 _a574.87 HARB
100 _aHARDIN (Jeff)
245 _aBeckers world of the cell Ed 8
250 _a
260 _aBoston
_bBenjamin/Cummings Pub. Co.
_c2012
300 _axxviii, 793+87
650 _aworld
650 _athe
650 _aof
650 _aEd
650 _acell
650 _aBeckers
650 _a8
690 _aCell Biology
700 _aBERTONI (Gregory)
906 _a067129
999 _c149485
_d149485